| 000 | 01415nam a22003377a 4500 | ||
|---|---|---|---|
| 003 | OSt | ||
| 005 | 20260307040208.0 | ||
| 008 | 260307b |||||||| |||| 00| 0 eng d | ||
| 040 |
_bEnglish. _cCvSU-CCAT Campus Library. _erda. |
||
| 050 |
_aUM HD 62.7 _bS53 2024 |
||
| 240 | _aEnterprise development project : Sidewalk WiFi-Cafe Vending machine retailing | ||
| 245 |
_aSidewalk Wi-Fi-Cafe vending machine retailing / _cNelson A. Butial [and three others]. |
||
| 260 |
_aRosario, Cavite : _bCavite State University-CCAT Campus, _c2024. |
||
| 300 |
_axiii, 70 leaves : _billustrations ; _c28 cm |
||
| 500 | _aEnterprise Development Project (BSBM)--Cavite State University-CCAT Campus, 2024. | ||
| 504 | _aIncludes bibliographical references and appendices. | ||
| 546 | _aIn English text | ||
| 650 |
_aSmall business -- Management. _98827 |
||
| 650 |
_aEntrepreneurship. _9136 |
||
| 650 |
_aPartnership. _99015 |
||
| 650 |
_aVending machine. _919014 |
||
| 650 |
_aInternet Cafe. _919015 |
||
| 650 |
_aGeneral Trias (Cavite, Philippines). _919016 |
||
| 700 |
_aCaparida, Nhaomie C., author. _919017 |
||
| 700 |
_aGolo, Hanna R., author. _919018 |
||
| 700 |
_aLapidario, Daisyree S., author. _919019 |
||
| 700 |
_aAmbas, Arman M., adviser. _96624 |
||
| 700 |
_aPerez, Richard P., technical critic. _96693 |
||
| 942 |
_2lcc _cT/M/D _hHD 62.7 S53 2024 _kUM |
||
| 999 |
_c4820 _d4820 |
||